| 000 | 00759nam a2200253 i 4500 | ||
|---|---|---|---|
| 003 | DO-SdBNP | ||
| 005 | 20240412111017.0 | ||
| 007 | ta | ||
| 008 | 240412s2023 dr 000 j spa d | ||
| 020 | _a9789945223019 | ||
| 040 |
_aDO-SdBNP _bspa _cBNPHU _erda |
||
| 082 |
_bC319 _222 |
||
| 100 |
_aCarrón, Hayden _911765 _d1978- _eautor |
||
| 245 | 1 | 3 |
_aEl vino y la sal / _cHayden Carrón |
| 264 | 1 |
_aSanto Domingo : _bBúho, _c2023. |
|
| 300 |
_a215 páginas, _c21 cm. |
||
| 336 |
_2rdacontent _atexto _btxt |
||
| 337 |
_2rdamedia _asin mediación _bn |
||
| 338 |
_2rdacarrier _avolumen _bnc |
||
| 500 | _aIncluye datos biográficos del autor en la solapa de la portada. | ||
| 590 | _aInventariado, 2024/ YL | ||
| 910 | _aYLockward | ||
| 942 |
_2ddc _cLBS1 |
||
| 999 |
_c56369 _d56369 |
||